00576nam a2200169Ia 4500008004100000020001800041041000800059082001600067100001600083245008800099250000600187260003700193300001200230650002000242999001900262952012500281210716s2011 xx 000 0 und d a9789380618982 aeng a657.42 JHAH aJhamb, H V. aFundamentals of cost accounting: principles and practice.bPrinciples and practice. a1 aNew DelhibAne Books Indiac2011 axvi,974 aCost Accounting c207583d207583 001040708MBAaAIMITbAIMITd2012-10-19g495.00l0o657.42 JHAHpMBA10149r2026-05-23 00:00:00v371.25w2021-07-16yBK